000 00660nam a2200265Ia 4500
005 20260121173035.0
008 008 260114s9999 xx 000 0 eng d
020 _a9783030923358
037 _aEBOOK
040 _aCRL
040 _beng
040 _cCRL
041 _2eng
041 _aeng
084 _qCRL
100 _aSanjeev Dhurandhar, Sanjit Mitra
_91095896
245 0 _aGeneral Relativity and Gravitational Waves
260 _bSpringer
260 _bSpringer
260 _c2022
856 _uhttps://link.springer.com/openurl?genre=book&isbn=978-3-030-92335-8
942 _cEBOOK
999 _c1661639
_d1661639